000 00895nmc a2200301 a 4500
003 AR-BaBNM
005 20251128211411.0
008 304020s2003 ||||||||||||||000 | spa||
020 _a84-277-1436-X
040 _cAR-BaBNM
245 1 0 _aEnseñanza virtual para la innovación universitaria
260 _aMadrid
_bNarcea
_c2003
300 0 _a196 p.
490 0 _aUniversitaria
504 _aContiene referencias bibliográficas p. 185-196
650 4 _aENSENANZA UNIVERSITARIA
650 4 _aTECNOLOGIA DE LA INFORMACION
650 4 _aPROGRAMACION PEDAGOGICA
650 4 _aPROFESORES UNIVERSITARIOS
650 4 _aTECNOLOGIA DE LAS COMUNICACIONES
653 _aEDUCACION SUPERIOR
653 _aEDUCACION VIRTUAL
653 _aINTERNET
700 1 _aCebrián de la Serna, Manuel
_ecoordinador
700 1 _aZabala, Miguel A.
_epresentación
942 _cBK
998 _craquel
999 _c19527
_d19527